جوش ملررہ آبادی کے خطوط / (Record no. 108566)

MARC details
000 -LEADER
fixed length control field 00894nam a22002657a 4500
005 - DATE AND TIME OF LATEST TRANSACTION
control field 20170123162342.0
010 ## - LIBRARY OF CONGRESS CONTROL NUMBER
LC control number A-941768
020 ## - INTERNATIONAL STANDARD BOOK NUMBER
Terms of availability 25.00
035 ## - SYSTEM CONTROL NUMBER
System control number A-941768
037 ## - SOURCE OF ACQUISITION
Source of stock number/acquisition Cen Lib/Ret
040 ## - CATALOGING SOURCE
Original cataloging agency DPL
Language of cataloging UR
082 ## - DEWEY DECIMAL CLASSIFICATION NUMBER
Classification number 846
Item number خ و ش
245 ## - TITLE STATEMENT
Title جوش ملررہ آبادی کے خطوط /
Statement of responsibility, etc مرتب خلیق انجم
246 ## - VARYING FORM OF TITLE
Title proper/short title Josh Malih Abadi ke khatoot /
Remainder of title edited by Khaleeq Anjum
260 ## - PUBLICATION, DISTRIBUTION, ETC. (IMPRINT)
Place of publication, distribution, etc نیی دہلی
Name of publisher, distributor, etc انجمن ترقی اردو
Date of publication, distribution, etc 1998
270 ## - ADDRESS
City نیی دہلی
Address اردو گھر مارگ
Postal code 110002
300 ## - PHYSICAL DESCRIPTION
Extent 247p.
Dimensions 21cm(Hb)
500 ## - GENERAL NOTE
General note اشاریہ شامل
650 ## - SUBJECT ADDED ENTRY--TOPICAL TERM
Topical term or geographic name as entry element ادب -- اردو
9 (RLIN) 127625
650 ## - SUBJECT ADDED ENTRY--TOPICAL TERM
Topical term or geographic name as entry element اردو سوانے عمری
9 (RLIN) 127626
650 ## - SUBJECT ADDED ENTRY--TOPICAL TERM
Topical term or geographic name as entry element Urdu literature
9 (RLIN) 127627
650 ## - SUBJECT ADDED ENTRY--TOPICAL TERM
Topical term or geographic name as entry element Urdu -- biography
9 (RLIN) 511
700 ## - ADDED ENTRY--PERSONAL NAME
Personal name خلیق انجم
9 (RLIN) 127628
942 ## - ADDED ENTRY ELEMENTS (KOHA)
Source of classification or shelving scheme Dewey Decimal Classification
Koha item type Urdu Bks
Classification part 846
Call number suffix خ و ش
Holdings
Withdrawn status Lost status Damaged status Not for loan Home library Current library Date acquired Source of acquisition Cost, normal purchase price Total Checkouts Full call number Barcode Date last seen Date checked out Copy number Cost, replacement price Price effective from Koha item type
        Central Library Central Library 23/01/2016 Cen Lib/Ret 25.00 1 846 خ و ش A-941768 31/10/2017 07/09/2017 1 25.00 23/01/2016 Urdu Bks

© Delhi Public Library
Hit Counter
free hit counter